Triết học với bạn và cuộc sống : Sách tham khảo với những hiểu biết bổ ích và lý thú về Triết học
Sách nghiên cứu về tầm quan trọng và lợi ích của triết học trong đời sống sinh viên, và đời sống hằng ngày của mỗi người
Guardat en:
| Format: | Llibre |
|---|---|
| Idioma: | Undetermined |
| Publicat: |
Hà Nội
Văn hóa thông tin
2013
|
| Matèries: | |
| Etiquetes: |
Afegir etiqueta
Sense etiquetes, Sigues el primer a etiquetar aquest registre!
|
| Thư viện lưu trữ: | Trung tâm Học liệu Trường Đại học Cần Thơ |
|---|
| LEADER | 00896nam a2200205Ia 4500 | ||
|---|---|---|---|
| 001 | CTU_189212 | ||
| 008 | 210402s9999 xx 000 0 und d | ||
| 082 | |a 101 | ||
| 082 | |b Tr308 | ||
| 245 | 0 | |a Triết học với bạn và cuộc sống : | |
| 245 | 0 | |b Sách tham khảo với những hiểu biết bổ ích và lý thú về Triết học | |
| 245 | 0 | |c Lê Tiến Dũng biên soạn | |
| 260 | |a Hà Nội | ||
| 260 | |b Văn hóa thông tin | ||
| 260 | |c 2013 | ||
| 520 | |a Sách nghiên cứu về tầm quan trọng và lợi ích của triết học trong đời sống sinh viên, và đời sống hằng ngày của mỗi người | ||
| 650 | |a Triết học,Philosophy | ||
| 650 | |x Lý thuyết,Theory | ||
| 904 | |i Lê Thị Cẩm Giang | ||
| 980 | |a Trung tâm Học liệu Trường Đại học Cần Thơ | ||